Democracia y garantismo

Gespeichert in:
Bibliographische Detailangaben
1. Verfasser: Ferrajoli, Luigi (autor)
Format: Buch
Sprache:Spanisch
Veröffentlicht: Madrid Trotta 2008
Schriftenreihe:Colección Estructuras y Procesos: Serie Derecho
Schlagworte:
Tags: Tag hinzufügen
Keine Tags, Fügen Sie den ersten Tag hinzu!

MARC

LEADER 00000nam a2200000 a 4500
001 UCI9723
003 CL-VaPUC
008 081204e20080000SP |||||||||||||||||spa|d
020 |a 9788498790054 
082 0 4 |a 341.48  |b FER  |2 21 
100 |a Ferrajoli, Luigi   |e autor  |9 522506 
245 1 0 |a Democracia y garantismo 
300 |a 373 p 
942 |c BK 
945 |d 20081204 00:00:00  |a rbrito 
260 |a Madrid  |b Trotta  |c 2008 
650 0 |a Derechos fundamentales   |9 254841 
650 0 |a Democracia  |9 255256 
650 7 |a GARANTIAS CONSTITUCIONALES  |2 CL-VaPUC  |9 533635 
650 7 |a GARANTISMO  |2 CL-VaPUC  |9 439479 
650 0 |a Neoliberalismo  |9 330090 
650 7 |a DERECHO PENAL  |2 CL-VaPUC  |9 11 
583 |a last modification  |c 20081204 00:00:00  |k Rodrigo Vera 
490 0 |a Colección Estructuras y Procesos: Serie Derecho 
999 |c 332205  |d 332203 
952 |0 0  |1 0  |4 0  |6 341_480000000000000_FER_2008  |7 0  |8 A  |9 419687  |a BIBDER  |b BIBDER  |d 2019-11-22  |i 4502620  |o 341.48 FER 2008  |p 4502620  |r 2023-01-25  |w 2019-11-22  |y BK  |k DER 
952 |0 0  |1 0  |4 0  |6 341_480000000000000_FER_2008  |7 0  |8 A  |9 419688  |a BIBDER  |b BIBDER  |d 2019-11-22  |i 4504135  |o 341.48 FER 2008  |p 4504135  |r 2023-01-25  |w 2019-11-22  |y BK  |k DER